Lingvistická analýza politických komunikátov na Kube

Analýza lingvistických a vizuálnych charakteristík 84 politických komunikátov (bilboardov, plagátov a nápisov) na súčasnej Kube. Komunistická strana Kuby, politický jazyk, revolúcia, vlajkové slová.

Gespeichert in:
Bibliographische Detailangaben
1. Verfasser: Spišiaková, Mária, 1973-
Format: Buchkapitel
Sprache:Slowakisch
Schlagworte:
Tags: Tag hinzufügen
Keine Tags, Fügen Sie das erste Tag hinzu!

MARC

LEADER 00000naa$a2200000$$$4500
001 0248315
005 20240502073955.3
041 0 |a slo 
044 |a SK 
245 1 0 |a Lingvistická analýza politických komunikátov na Kube  |c Mária Spišiaková 
520 |a Analýza lingvistických a vizuálnych charakteristík 84 politických komunikátov (bilboardov, plagátov a nápisov) na súčasnej Kube. Komunistická strana Kuby, politický jazyk, revolúcia, vlajkové slová. 
610 2 0 |a jazykoveda 
610 2 0 |a jazyk štátny 
610 2 0 |a španielčina 
610 2 0 |a komunikácia 
610 2 0 |a marketing politický 
610 2 0 |a strany politické 
610 2 0 |a strany vládne 
610 2 0 |a politológia 
610 2 0 |a politika 
610 2 0 |a Kuba 
610 2 0 |a ideológia 
610 2 0 |a propaganda 
100 1 |a Spišiaková, Mária, 1973-